000 00345nam a2200145Ia 4500
005 20260328104317.0
008 260328s9999||||xx |||||||||||||| ||und||
100 _aPeters, Paulhans
245 0 _aLa Ciudad Peatonal /
_cPaulhans Peters
250 _a2a ed.
260 _bGustavo Gili
300 _a193 p.
650 _aURBANISMO
942 _cBK
999 _c11184
_d11184